000 00489nam a22001577a 4500
003 PILC
005 20160525145612.0
008 160525b xxu||||| |||| 00| 0 eng d
020 _a9781682851081
050 _aQA 76.9.A25
_b.C738 2016
245 _aComputer and information security /
_cedited by Audrey Coon.
260 _aNew York :
_bWillford Press,
_c2016.
300 _a212 pages :
_bcolor illustrations ;
_c28 cm.
500 _aIncludes bibliographical references.
942 _2lcc
_cBK
999 _c294987
_d294987